melodies and guns (Record no. 4483)

MARC details
000 -LEADER
fixed length control field 00599cam a2200217ua 4500
001 - CONTROL NUMBER
control field 5306
005 - DATE AND TIME OF LATEST TRANSACTION
control field 20260515113848.0
008 - FIXED-LENGTH DATA ELEMENTS--GENERAL INFORMATION
fixed length control field 120730n ii |||gr||||Z||||||eng
020 ## - INTERNATIONAL STANDARD BOOK NUMBER
International Standard Book Number 81-7476-580-8
040 ## - CATALOGING SOURCE
Transcribing agency MAIN
082 ## - DEWEY DECIMAL CLASSIFICATION NUMBER
Classification number 891.4511
100 ## - MAIN ENTRY--PERSONAL NAME
Personal name Kachari, Megan,
Relator term Author,
245 11 - TITLE STATEMENT
Title melodies and guns
Statement of responsibility, etc. by Megan Kachari
250 ## - EDITION STATEMENT
Edition statement 1st.
260 ## - PUBLICATION, DISTRIBUTION, ETC.
Place of publication, distribution, etc. New Delhi:
Name of publisher, distributor, etc. UBS publishers distributors pvt. ltd.,
Date of publication, distribution, etc. 2006.
300 ## - PHYSICAL DESCRIPTION
Extent xv; 50p:
Dimensions 23cm.
700 ## - ADDED ENTRY--PERSONAL NAME
Personal name Goswami, Indira,
Relator term Editor,
700 ## - ADDED ENTRY--PERSONAL NAME
Personal name Acharya, Pradip,
Relator term Translator,
700 ## - ADDED ENTRY--PERSONAL NAME
Personal name Baruah, Manjeet,
Relator term Translator,
942 ## - ADDED ENTRY ELEMENTS (KOHA)
Koha item type Books
Holdings
Withdrawn status Lost status Damaged status Not for loan Home library Current library Shelving location Date acquired Total checkouts Full call number Barcode Date last seen Copy number Price effective from Koha item type
        Naharkatiya College Library Naharkatiya College Library General stacks 09/19/2020   891.4511 | KAC 16677 09/19/2020 1 09/19/2020 Books